Sedemdesiatiny Ing. Vladimíra Uhera

Bibliographic Details
Main Author: Kálna, Karol, 1934- (Author)
Format: Article
Language:Slovak
Subjects:

MARC

LEADER 00000nab a2200000 a 4500
001 vtls000811268
003 SK-MaSNL
005 20260304120717.0
008 250429c2002 xo 0 slo
015 |a SNBRB2002/10-33609 
035 |a CLN000162923 
035 |a urn:nbn:sk:snk-ab6o19 
035 |a (uuid)5d6c52cf-3aae-473d-abdb-2c4ce6216995 
035 |a (urnnbn)urn:nbn:sk:snk:ar-005o2v 
035 |a (sysno)vtls000811268 
040 |a SNKBUCL  |b slo  |c SNKBUCL  |e AACR2 
041 0 |a slo 
044 |a xo  |c SK 
080 |a 621.791-051  |2 1997 
080 |a 929 Uher, Vladimír  |2 1997 
100 1 |a Kálna, Karol,  |d 1934-  |4 aut  |9 125999 
245 1 0 |a Sedemdesiatiny Ing. Vladimíra Uhera  |c Karol Kálna 
600 1 7 |a Uher, Vladimír,  |d 1932-  |2 snkbucl  |9 38844 
655 7 |a články z novín a časopisov  |2 snkbucl  |9 267496 
773 0 |t Zváranie  |g Roč. 51, č. 7-8 (2002), s. 172  |x 0044-5525 
850 |a Slovenská národná knižnica 
852 |a Slovenská národná knižnica 
954 |a odborná, vedecká literatúra pôvodná (slovenská)  |2 lita 
958 |a article 
958 |a OND 
958 |a SK 
958 |a BX 
958 |a EUIPO 
992 |a RBX 
999 |c 2881133  |d 2883063